000 01238cab a2200301 4500
001 ABS51133
008 090401t1994 xxu||||| |||| 00| 0 eng d
035 _a(Sirsi) u12182
041 _aeng
100 _aElson, M.
245 _aGreen belts and very special circumstances
260 _c1994
350 _a0
490 _aJournal of Planning and Environment Law
_vJuly 1994, 594-601(8)
520 _aDiscusses how the notion of `very special circumstances` in green belt development control has developed through time and how it is currently being interpreted by the Secretary of State and Inspectors. Looks at factors such as policy elaborations, appeals analysis, and the preservation of listed buildings. Analyses problems, and stresses the importance of balancing development and environmental improvement. Provides useful recommendations.
650 _aCERI DAVIES REPORT (1986)
650 _aDOE CIRCULAR 12/1991
650 _aCIRCULAR 23/92
650 _aGREEN BELT
650 _aPPG17
650 _aPLANNING POLICY GUIDANCE NOTE 2 (GREEN BELTS)
650 _aPPG3
650 _aVERY SPECIAL CIRCUMSTANCES
690 _aPLANNING LAW AND PRACTICE
700 _aFord, A.
942 _n0
948 _c04/03/1997
999 _c7795
_d7795